000 01016nas a2200349 4500
001 BR0301697
003 BR-BrBNA
005 20231205103656.0
007 ta
008 230509b bl.|||p| |||| 00| 00por d
040 _aBR-BrBNA
_bpor
_cBiblioteca Nacional de Agricultura
041 _a(Pt)
072 _aP40; F40
100 1 _aAlvarenga, Â.A.
100 1 _aAbrahão, E.
100 1 _aRamos, J.D.
100 1 _aChalfun, N.N.J.
245 1 _aEstimativa das unidades e horas de frio em Lavras (MG)
650 _aFRUTA DE CLIMA TEMPERADO
650 _aCLIMA
650 _aACLIMATAÇÃO
650 _aÉPOCA DE CORTE
650 _aDORMÊNCIA
650 _aREGULADOR DE CRESCIMENTO
650 _aANÁLISE ESTATÍSTICA
650 _aSIMULAÇÃO
650 _aDADOS ESTATÍSTICOS
650 _aMINAS GERAIS
773 0 _tCiência e Agrotecnologia (Brazil)
_xISSN 1413-7054
_g(Nov-Dec 2002), v. 26(6) p. 1344-1347
_wBR0301697
909 _a202311
_bLúcia
_c55
_dLúcia Elande
942 _2AGRIS
_n0
_cANA
999 _c174153
_d174153